MARC

LEADER 00000nas a2200000 a 4500
001 ssj0007678
003 WaSeSS
005 20200512172242.0
006 m d
007 cr n
008 001116c19889999enkbx pss 0 a0eng c
010 |a  00253526  
015 |a GBB3A8265  |2 bnb 
016 |a (AMICUS)000025280792 
016 7 |a 012434052  |2 Uk 
016 7 |a 645653-4  |2 DE-600 
016 7 |a 2020442-5  |2 DE-600 
016 7 |a 013764721  |2 DE-101 
016 7 |a 010491276  |2 Uk 
022 |a 1758-7816  |y 0953-4814 
035 |a (WaSeSS)ssj0007678 
037 |b MCB University Press Limited, 60/62 Toller Lane, Bradford, West Yorkshire, England BD8 9BY 
040 |a WAU  |b eng  |e pn  |c WAU  |d OCL  |d OCLCQ  |d IUL  |d OCLCQ  |d F#A  |d UBY  |d OCLCQ  |d OCLCF  |d BEDGE  |d OCL  |d OCLCO  |d OCLCQ  |d DLC  |d NLC  |d NLE  |d OCLCQ  |d UKMGB  |d VT2  |d UKBTH  |d UHL  |d OCLCQ  |d SFB  |d WaSeSS 
042 |a pcc 
050 0 0 |a HD58.8 
082 0 4 |a 658.406 
130 0 |a Journal of organizational change management (Online) 
245 1 0 |a Journal of organizational change management  |h [electronic resource]. 
246 1 7 |a JOCM 
260 |a Bradford, England :  |b MCB University Press,  |c 1988- 
310 |a Seven issues a year,  |b 2016- 
321 |a Frequency varies,  |b 1988-2015 
362 1 |a Print began with Vol. 1, issue 1 (1988). 
506 |a License restrictions may limit access. 
538 |a System requirements: Web browser and Adobe Acrobat Reader or Real Page Plug in. 
538 |a Mode of access: World Wide Web. 
588 |a Description based on: Vol. 1, issue 1 (1988); title from introductory page, viewed Aug. 2, 2002. 
588 |a Latest issue consulted: Vol. 30, issue 1 (2017) (Emerald Insight website, viewed Feb. 22, 2017). 
650 0 |a Organizational change  |v Periodicals. 
650 0 |a Organization  |v Periodicals. 
650 0 |a Management  |v Periodicals. 
650 7 |a Publications périodiques.  |2 eclas 
650 7 |a Organisation de l'entreprise.  |2 eclas 
650 7 |a Adaptation industrielle.  |2 eclas 
650 7 |a Organization.  |2 fast  |0 (OCoLC)fst01047777 
650 7 |a Management.  |2 fast  |0 (OCoLC)fst01007141 
650 7 |a Organizational change.  |2 fast  |0 (OCoLC)fst01047828 
655 0 |a Electronic journals. 
710 2 |a MCB University Press. 
776 0 8 |a Also issued in print:  |t Journal of organizational change management  |x 0953-4814  |w (DLC)sf 96091380  |w (OCoLC)19758283 
850 |a DLC 
853 2 0 |8 1  |a v.  |b no.  |u 6  |v r  |i (year)  |w 6 
856 4 0 |z Full text available from Research Library: 01/01/1992 to 1 year ago  |u https://search.proquest.com/publication/30228 
863 4 1 |8 1.1  |a 7  |b 1  |i 1994